Normal view
MARC view
Entry Uniform Title
001 - CONTROL NUMBER
- control field: 12674
003 - CONTROL NUMBER IDENTIFIER
- control field: dpl
005 - DATE AND TIME OF LATEST TRANSACTION
- control field: 20100813142740.0
008 - FIXED-LENGTH DATA ELEMENTS
- fixed length control field: 100813|||a|||||| | ||| d
040 ## - CATALOGING SOURCE
- Original cataloging agency: dpl
- Transcribing agency: dpl
130 ## - HEADING--UNIFORM TITLE
- Uniform title: Mammals of Russia and Adjacent Regions
670 ## - SOURCE DATA FOUND
- Source citation: Work cat.: (dpl)41609: Sokolov, V . E. 12673, Lagomorphs /, 2009
670 ## - SOURCE DATA FOUND
- Source citation: Work cat.: (dpl)41609: Sokolov, V . E. 12673, Lagomorphs /, 2009
